000 00716nam a2200253Ia 4500
003 OSt
005 20221006143048.0
006 a|||||r|||| 00| 0
007 ta
008 221006b |||||||| |||| 00| 0 eng d
020 _a9780415012645
_cP30.00
024 _a7,936
037 _cTextual
040 _aEASL
_cEASL
_beng
041 _2eng
_aeng
082 _aXv42.N8, M9
100 _aMORRIS-SUZUKI Tessa
245 0 _aHistory of Japanese economic thought
260 _aLondon
_bRoutledge
_c1989
300 _a213p.
_ccm.
490 _v JEL
_aThe Nissan Institute/Routledge Japanese studies series
942 _hXv42.N8, M9
_cTEXL
_2CC
999 _c1076022
_d1076022